00287nam a22000857a 4500008004100000082001500041245012800056300001100184440000600195230629b xxu||||| |||| 00| 0 eng d a338.9bMUN aRevenue Impacts of the Economic Partnership Agreement Between the European Union and Eastern and Southern African Countries aIV,24p n2